LEADER 01614nlm0 22004451i 450 001 990009241380403321 010 $a9783540751014 035 $a000924138 035 $aFED01000924138 035 $a(Aleph)000924138FED01 035 $a000924138 100 $a20100926d2007----km-y0itay50------ba 101 0 $aeng 102 $aDE 135 $adrnn-008mamaa 200 1 $aComputer Safety, Reliability, and Security$bRisorsa elettronica$e26th International Conference, SAFECOMP 2007, Nuremberg, Germany, September 18-21, 2007. Proceedings$fedited by Francesca Saglietti, Norbert Oster 210 $aBerlin ; Heidelberg$cSpringer$d2007 225 1 $aLecture Notes in Computer Science$x0302-9743$v4680 230 $aDocumento elettronico 336 $aTesto 337 $aFormato html, pdf 702 1$aOster,$bNorbert 702 1$aSaglietti,$bFrancesca 801 0$aIT$bUNINA$gREICAT$2UNIMARC 856 4 $zFull text per gli utenti Federico II$uhttp://dx.doi.org/10.1007/978-3-540-75101-4 901 $aEB 912 $a990009241380403321 961 $aCoding and Information Theory 961 $aCoding theory 961 $aComputer science 961 $aComputer Science 961 $aInformation Systems 961 $aLogic design 961 $aLogics and Meanings of Programs 961 $aManagement of Computing and Information Systems 961 $aSoftware engineering 961 $aSoftware Engineering/Programming and Operating Systems 961 $aSpecial Purpose and Application-Based Systems 996 $aComputer Safety, Reliability, and Security$9772429 997 $aUNINA